00470nam a2200121 4500008004100000245011500041260008200156300002300238650002400261700001900285700001800304700002600322240605b |||||||| |||| 00| 0 eng d aJoining hands to develop womanpower:ba report of a South Asian workshop on gender and sustainable development aDhaka:bInstitute for Development Policy Analysis and Advocacy (IDPAA),c1998 aviii., 110 p. ill. aFEMINISM-South Asia aBhasin, kamala aDhar, Suneeta aThapar, Bindiaeills.